[Event "Frome Open 2025"]
[Site "Selwood Academy, Frome"]
[Date "2025.05.17"]
[Round "2.10"]
[White "Evans, Harry"]
[Black "Richmond, Jane"]
[Result "1/2-1/2"]
[WhiteElo "1854"]
[BlackElo "2033"]
[PlyCount "83"]
[GameId "2183614285813455"]
[EventDate "2025.05.16"]
[SourceTitle "Frome Open 2025"]
[Source "David Tipper"]
[SourceDate "2025.05.19"]
[SourceVersion "1"]
[SourceVersionDate "2025.05.19"]
[SourceQuality "1"]

1. Nf3 e6 2. g3 d5 3. Bg2 Nf6 4. d4 c5 5. O-O Nc6 6. e3 Be7 7. b3 cxd4 8. exd4 O-O 9. Bb2 Bd7 10. Nbd2 Rc8 11. c4 Qb6 12. c5 Qc7 13. a3 a5 14. Re1 b6 15. cxb6 Qxb6 16. Rc1 Rb8 17. h3 Rfd8 18. Bf1 Ne4 19. Re3 f5 20. h4 Bf6 21. Nxe4 dxe4 22. Ne5 Ne7 23. Bc4 Bxe5 24. dxe5 Bb5 25. Qe2 Nd5 26. Ba1 Bxc4 27. bxc4 Nxe3 28. fxe3 Rd3 29. Bd4 Rxd4 30. exd4 Qxd4+ 31. Kg2 Rb2 32. Rc2 Rb1 33. Qh5 g6 34. Qg5 Qd1 35. Kh3 Rb8 36. Rd2 Qh1+ 37. Rh2 Qf1+ 38. Rg2 Qxc4 39. h5 Rb1 40. Qd8+ Kg7 41. h6+ Kxh6 42. Qh4+ 1/2-1/2

[Event "Frome Open 2025"]
[Site "Selwood Academy, Frome"]
[Date "2025.05.17"]
[Round "2.11"]
[White "Pugh, Derek C"]
[Black "Callow, Chris"]
[Result "1-0"]
[WhiteElo "2026"]
[BlackElo "1843"]
[PlyCount "99"]
[GameId "2183616190977839"]
[EventDate "2025.05.16"]
[SourceTitle "Frome Open 2025"]
[Source "David Tipper"]
[SourceDate "2025.05.19"]
[SourceVersion "1"]
[SourceVersionDate "2025.05.19"]
[SourceQuality "1"]

1. Nc3 Nc6 2. e4 e5 3. Bc4 Nf6 4. d3 Be7 5. a3 d6 6. Nge2 O-O 7. O-O Be6 8. Nd5 Nd4 9. Nxd4 exd4 10. Nxf6+ Bxf6 11. Bxe6 fxe6 12. Qg4 Qe7 13. f4 Rae8 14. Bd2 e5 15. f5 c6 16. Rf3 d5 17. exd5 cxd5 18. Bb4 Qc7 19. Bxf8 Rxf8 20. Rf2 Re8 21. Re2 Qc6 22. Rae1 Qb5 23. b3 Qc5 24. Qh5 Re7 25. g4 e4 26. g5 Be5 27. Rf1 Qc6 28. Rg2 g6 29. fxg6 Qxg6 30. Qh6 Bg7 31. Qh3 Qe6 32. Qxe6+ Rxe6 33. Rf5 e3 34. Kf1 Rd6 35. Ke2 Rc6 36. Kd1 Rd6 37. h4 Rd7 38. h5 Rd6 39. Rg4 Rd8 40. h6 Bh8 41. Rgf4 Re8 42. Ke1 Be5 43. Rf3 Bd6 44. Rxd5 Bxa3 45. Rxd4 Bc1 46. Ke2 Rc8 47. c4 a6 48. Rd7 b5 49. Rg7+ Kh8 50. Rff7 1-0

[Event "Frome Open 2025"]
[Site "Selwood Academy, Frome"]
[Date "2025.05.17"]
[Round "2.12"]
[White "May, Adam"]
[Black "Bennett, Dominic"]
[Result "0-1"]
[WhiteElo "1868"]
[BlackElo "1969"]
[PlyCount "66"]
[GameId "2183618059179829"]
[EventDate "2025.05.16"]
[SourceTitle "Frome Open 2025"]
[Source "David Tipper"]
[SourceDate "2025.05.19"]
[SourceVersion "1"]
[SourceVersionDate "2025.05.19"]
[SourceQuality "1"]

1. d4 e6 2. Nc3 Bb4 3. Bf4 b6 4. Qd3 Ne7 5. a3 Ba6 6. Qf3 Bxc3+ 7. Qxc3 Nd5 8. Qd2 Nxf4 9. Qxf4 h6 10. h4 c5 11. c3 cxd4 12. cxd4 Nc6 13. Nf3 Rc8 14. g3 b5 15. Bg2 Qa5+ 16. Qd2 Qa4 17. O-O O-O 18. b4 Ne7 19. Ne5 d6 20. Nd3 Rc2 21. Qf4 Rxe2 22. Qxd6 Nf5 23. Qd7 Bc8 24. Qc7 Nxd4 25. Nc5 Qc2 26. Qxa7 e5 27. Rac1 Qf5 28. a4 Ra2 29. Ra1 Ne2+ 30. Kh1 Rxa1 31. Rxa1 Qxf2 32. Qe7 Bh3 33. Qb7 e4 0-1

[Event "Frome Open 2025"]
[Site "Selwood Academy, Frome"]
[Date "2025.05.17"]
[Round "2.13"]
[White "Hu, Junyan"]
[Black "Morrison, Joseph"]
[Result "1/2-1/2"]
[WhiteElo "1961"]
[BlackElo "1743"]
[PlyCount "74"]
[GameId "2183619655599931"]
[EventDate "2025.05.16"]
[SourceTitle "Frome Open 2025"]
[Source "David Tipper"]
[SourceDate "2025.05.19"]
[SourceVersion "1"]
[SourceVersionDate "2025.05.19"]
[SourceQuality "1"]

1. e4 c6 2. Nc3 d5 3. Nf3 dxe4 4. Nxe4 Nf6 5. Qe2 Nxe4 6. Qxe4 Qd5 7. Qxd5 cxd5 8. d4 Nc6 9. c3 Bf5 10. Bf4 h6 11. h4 e6 12. Kd2 O-O-O 13. Bh2 f6 14. Re1 Bd6 15. Bxd6 Rxd6 16. h5 Re8 17. Nh4 Bh7 18. Be2 Kd8 19. Rh3 e5 20. Re3 Rf8 21. Rg3 Rf7 22. Bd3 Bxd3 23. Kxd3 e4+ 24. Ke3 f5 25. f4 Ne7 26. Kd2 Ra6 27. a3 b5 28. Kc2 Ke8 29. Rge3 Kf8 30. Rh3 Rff6 31. g3 Rab6 32. Ng2 Rfc6 33. b4 Ra6 34. Kb3 Rf6 35. Re2 Nc8 36. Ne3 Ne7 37. Ra2 Ra4 1/2-1/2

[Event "Frome Open 2025"]
[Site "Selwood Academy, Frome"]
[Date "2025.05.17"]
[Round "2.14"]
[White "Thurlow, Kevin"]
[Black "Kumar, Yuvraj"]
[Result "1/2-1/2"]
[WhiteElo "1957"]
[BlackElo "1727"]
[PlyCount "86"]
[GameId "2183718837280885"]
[EventDate "2025.05.16"]
[SourceTitle "Frome Open 2025"]
[Source "David Tipper"]
[SourceDate "2025.05.19"]
[SourceVersion "1"]
[SourceVersionDate "2025.05.19"]
[SourceQuality "1"]

1. c4 Nf6 2. Nc3 g6 3. d4 Bg7 4. g3 d6 5. Bg2 O-O 6. e3 c6 7. Nge2 e5 8. O-O Nbd7 9. b3 Re8 10. Bb2 Qa5 11. a3 e4 12. Nf4 g5 13. Nh5 Nxh5 14. Qxh5 Nf6 15. Qe2 d5 16. cxd5 cxd5 17. f3 Bf5 18. b4 Qd8 19. fxe4 Bxe4 20. Bxe4 Nxe4 21. Qf3 Qd7 22. Nxe4 Rxe4 23. Rae1 h6 24. Re2 Rae8 25. Bc1 Bxd4 26. Ref2 Bxe3 27. Bxe3 Rxe3 28. Qxf7+ Qxf7 29. Rxf7 Rxa3 30. Rxb7 Ra2 31. Rf2 Re1+ 32. Kg2 Rxf2+ 33. Kxf2 Rb1 34. Rd7 Rxb4 35. Rxd5 Rb2+ 36. Kf3 Rxh2 37. Ra5 Kg7 38. Kg4 Rf2 39. Rxa7+ Kg6 40. Ra6+ Rf6 41. Rxf6+ Kxf6 42. Kh5 Kg7 43. g4 Kh7 1/2-1/2

[Event "Frome Open 2025"]
[Site "Selwood Academy, Frome"]
[Date "2025.05.17"]
[Round "2.15"]
[White "Davis, Colin"]
[Black "Yu, Rock"]
[Result "0-1"]
[WhiteElo "1953"]
[BlackElo "2048"]
[PlyCount "94"]
[GameId "2183718866632826"]
[EventDate "2025.05.16"]
[SourceTitle "Frome Open 2025"]
[Source "David Tipper"]
[SourceDate "2025.05.19"]
[SourceVersion "1"]
[SourceVersionDate "2025.05.19"]
[SourceQuality "1"]

{[%evp 0,43,11,22,25,6,8,1,14,-106,0,-20,4,-18,-22,-24,-32,-25,16,-34,-34,-57,-37,-48,-36,-49,-50,-50,-50,-87,-80,-120,-75,-161,-171,-134,-134,6,-123,-235,-146,-230,-189,-210,-200,-124]} 1. Nf3 Nf6 2. b3 d5 3. Bb2 Nc6 4. g3 Bg4 5. Bg2 Qd7 6. h3 Bxf3 7. exf3 e5 8. O-O O-O-O 9. a3 Bd6 10. c4 h5 11. cxd5 Nxd5 12. Nc3 Nde7 13. Ne4 h4 14. d4 exd4 15. Bxd4 Nf5 16. Bc3 hxg3 17. fxg3 Ne3 18. Nxd6+ cxd6 19. Qd3 Nxg2 20. Ra2 Nf4 21. gxf4 Qxh3 22. Rg2 Qh1+ 23. Kf2 Qh4+ 24. Kg1 Qxf4 25. Bxg7 Rh3 26. b4 Rg8 27. Qe4 Qxe4 28. fxe4 Nd8 29. Bb2 Rxg2+ 30. Kxg2 Re3 31. Rf4 Re2+ 32. Rf2 Rxe4 33. Bf6 Ne6 34. Bc3 Rf4 35. Rc2 Rc4 36. Kf2 d5 37. Rc1 Kd7 38. Bd2 Rxc1 39. Bxc1 Kd6 40. Ke3 Ke5 41. Bb2+ d4+ 42. Kd3 Kd5 43. Bc1 f5 44. Bd2 Nd8 45. Be1 Nc6 46. Bf2 Ne5+ 47. Ke2 Ke4 0-1

[Event "Frome Open 2025"]
[Site "Selwood Academy, Frome"]
[Date "2025.05.17"]
[Round "2.16"]
[White "Davis, Lee"]
[Black "Coffey, Anthony"]
[Result "1/2-1/2"]
[WhiteElo "1920"]
[BlackElo "1991"]
[PlyCount "88"]
[GameId "2183720779043229"]
[EventDate "2025.05.16"]
[SourceTitle "Frome Open 2025"]
[Source "David Tipper"]
[SourceDate "2025.05.19"]
[SourceVersion "1"]
[SourceVersionDate "2025.05.19"]
[SourceQuality "1"]

1. d4 Nf6 2. c4 g6 3. Nf3 Bg7 4. g3 O-O 5. Bg2 d6 6. O-O c6 7. Nc3 Nbd7 8. e4 e5 9. h3 Qa5 10. Re1 exd4 11. Nxd4 Ne5 12. Bf1 Qb6 13. Nb3 Be6 14. Be3 Qc7 15. Nd2 Rfe8 16. Rc1 h5 17. Nd5 Qd8 18. Nxf6+ Qxf6 19. b3 Rad8 20. f4 Nd7 21. Nf3 Qb2 22. Rc2 Qa3 23. Nd4 Nc5 24. Bg2 Bc8 25. Bf2 a5 26. Rd2 Qb4 27. Nc2 Qb6 28. Rxd6 Rxd6 29. Qxd6 Bf8 30. Bxc5 Qxc5+ 31. Qxc5 Bxc5+ 32. Kf1 Rd8 33. Ke2 Be6 34. Ne3 a4 35. Rd1 Ra8 36. f5 Bc8 37. g4 Kg7 38. e5 gxf5 39. Nxf5+ Bxf5 40. gxf5 Re8 41. Be4 Rxe5 42. Kf3 axb3 43. axb3 Re7 44. Rd2 Bb4 1/2-1/2

[Event "Frome Open 2025"]
[Site "Selwood Academy, Frome"]
[Date "2025.05.17"]
[Round "2.17"]
[White "Pleasants, Allan"]
[Black "Hertog, Alexander"]
[Result "1/2-1/2"]
[WhiteElo "1977"]
[BlackElo "1909"]
[PlyCount "57"]
[GameId "2183723328578077"]
[EventDate "2025.05.16"]
[SourceTitle "Frome Open 2025"]
[Source "David Tipper"]
[SourceDate "2025.05.19"]
[SourceVersion "1"]
[SourceVersionDate "2025.05.19"]
[SourceQuality "1"]

1. Nf3 Nf6 2. g3 b6 3. Bg2 Bb7 4. O-O e6 5. c4 Be7 6. Nc3 O-O 7. b3 d5 8. cxd5 Nxd5 9. Bb2 c5 10. d4 Nxc3 11. Bxc3 Bf6 12. Rc1 Nd7 13. b4 cxd4 14. Bxd4 Rc8 15. Qd2 Qe7 16. a3 e5 17. Be3 e4 18. Nd4 Ne5 19. Qa2 Ng4 20. Bh3 Nxe3 21. fxe3 Rxc1 22. Rxc1 Bxd4 23. exd4 e3 24. d5 Rd8 25. Bg2 Qe5 26. Qc4 g6 27. Qc7 Qxc7 28. Rxc7 Bxd5 29. Bxd5 1/2-1/2

[Event "Frome Open 2025"]
[Site "Selwood Academy, Frome"]
[Date "2025.05.17"]
[Round "2.18"]
[White "Woozeer, Seth"]
[Black "Jukes, Sam"]
[Result "1/2-1/2"]
[WhiteElo "1677"]
[BlackElo "1975"]
[PlyCount "92"]
[GameId "2183724224090659"]
[EventDate "2025.05.16"]
[SourceTitle "Frome Open 2025"]
[Source "David Tipper"]
[SourceDate "2025.05.19"]
[SourceVersion "1"]
[SourceVersionDate "2025.05.19"]
[SourceQuality "1"]

1. e4 c5 2. Nf3 Nc6 3. d4 cxd4 4. Nxd4 Nf6 5. Nc3 e5 6. Ndb5 d6 7. Bg5 a6 8. Na3 b5 9. Nd5 Be7 10. Bxf6 Bxf6 11. c4 b4 12. Nc2 O-O 13. Bd3 Bg5 14. O-O a5 15. Nce3 Be6 16. g3 Bxe3 17. Nxe3 Bh3 18. Re1 Nd4 19. Nc2 Ne6 20. Bf1 Bxf1 21. Kxf1 Qg5 22. h4 Qe7 23. Qd5 Nc7 24. Qd3 Qe6 25. Ne3 Qh3+ 26. Kg1 Ne6 27. Qf1 Qxf1+ 28. Kxf1 Nd4 29. Red1 g6 30. Rac1 Rac8 31. b3 f5 32. Nc2 Nxc2 33. Rxc2 Rc6 34. exf5 gxf5 35. Rd5 f4 36. Kg2 f3+ 37. Kf1 Ra6 38. Rcd2 Rf6 39. Rb5 Rf7 40. Rdd5 a4 41. Ra5 Rfa7 42. Rxa6 Rxa6 43. Ke1 axb3 44. axb3 Ra2 45. Rd2 Ra1+ 46. Rd1 Ra2 1/2-1/2

[Event "Frome Open 2025"]
[Site "Selwood Academy, Frome"]
[Date "2025.05.17"]
[Round "3.1"]
[White "Murawski, Jan"]
[Black "Boswell, Jacob"]
[Result "0-1"]
[WhiteElo "2191"]
[BlackElo "2245"]
[PlyCount "98"]
[GameId "2183727180551811"]
[EventDate "2025.05.16"]
[SourceTitle "Frome Open 2025"]
[Source "David Tipper"]
[SourceDate "2025.05.19"]
[SourceVersion "1"]
[SourceVersionDate "2025.05.19"]
[SourceQuality "1"]

1. d4 Nf6 2. c4 g6 3. Nc3 Bg7 4. e4 d6 5. f3 O-O 6. Be3 c5 7. d5 e6 8. Qd2 exd5 9. cxd5 a6 10. a4 Re8 11. Be2 h5 12. Bh6 Bh8 13. Bg5 Qc7 14. h4 Nbd7 15. Nh3 Ne5 16. Nf2 b6 17. Rc1 Nh7 18. Be3 f5 19. b4 Qe7 20. bxc5 bxc5 21. g3 Rb8 22. O-O Rb4 23. Qa2 Nf6 24. Rfe1 fxe4 25. Ncxe4 Nxe4 26. Nxe4 Rb2 27. Qxb2 Nxf3+ 28. Bxf3 Bxb2 29. Rc2 Be5 30. Rce2 Rf8 31. Ng5 Qc7 32. Kg2 Kg7 33. Ne6+ Bxe6 34. dxe6 Rxf3 35. Kxf3 Kf6 36. e7 Kxe7 37. Bf4 Kf6 38. Bxe5+ dxe5 39. Rc1 Qd6 40. Kg2 Qd4 41. Rec2 e4 42. Rxc5 e3 43. Kf3 Qg4+ 44. Kxe3 Qxg3+ 45. Ke2 Qxh4 46. Rc6+ Kg7 47. Rxa6 Qe4+ 48. Kd2 Qf4+ 49. Kd1 Qf1+ 0-1

[Event "Frome Open 2025"]
[Site "Selwood Academy, Frome"]
[Date "2025.05.17"]
[Round "3.2"]
[White "Beaumont, Chris"]
[Black "Helbig, Paul"]
[Result "1/2-1/2"]
[WhiteElo "2140"]
[BlackElo "2086"]
[PlyCount "75"]
[GameId "2183730772158937"]
[EventDate "2025.05.16"]
[SourceTitle "Frome Open 2025"]
[Source "David Tipper"]
[SourceDate "2025.05.19"]
[SourceVersion "1"]
[SourceVersionDate "2025.05.19"]
[SourceQuality "1"]

1. d4 Nf6 2. Nf3 g6 3. c4 Bg7 4. Nc3 O-O 5. e4 d6 6. Be2 e5 7. O-O Na6 8. Be3 exd4 9. Nxd4 Nc5 10. f3 c6 11. Qd2 a5 12. Rfd1 a4 13. Nc2 Nfd7 14. Rab1 f5 15. exf5 Rxf5 16. f4 Rf6 17. Bd4 Re6 18. Bg4 Re8 19. Bxg7 Kxg7 20. Qxd6 Qf6 21. Bxd7 Qxd6 22. Rxd6 Bxd7 23. Rbd1 Bg4 24. R1d2 Ne4 25. Nxe4 Rxe4 26. h3 Bf5 27. g4 Be6 28. R6d4 Rxd4 29. Rxd4 Ra6 30. Ne3 Rb6 31. Rd2 Rb4 32. f5 gxf5 33. gxf5 Bf7 34. Kf2 Kf6 35. Rc2 b5 36. cxb5 cxb5 37. a3 Rb3 38. Ke2 1/2-1/2

[Event "Frome Open 2025"]
[Site "Selwood Academy, Frome"]
[Date "2025.05.17"]
[Round "3.3"]
[White "Burnett, Jim"]
[Black "Lopatko, Vasyl"]
[Result "1/2-1/2"]
[WhiteElo "2063"]
[BlackElo "1933"]
[PlyCount "53"]
[GameId "2183733309168676"]
[EventDate "2025.05.16"]
[SourceTitle "Frome Open 2025"]
[Source "David Tipper"]
[SourceDate "2025.05.19"]
[SourceVersion "1"]
[SourceVersionDate "2025.05.19"]
[SourceQuality "1"]

1. d4 Nf6 2. c4 e6 3. Nf3 Bb4+ 4. Bd2 a5 5. Nc3 Bxc3 6. Bxc3 Ne4 7. Qc2 Nxc3 8. Qxc3 b6 9. g3 Bb7 10. Bg2 O-O 11. O-O d6 12. c5 b5 13. b3 Be4 14. Rac1 Nd7 15. Rfd1 Nf6 16. Qe3 Qe7 17. Ne1 Bxg2 18. Kxg2 Rfe8 19. Qd3 Rab8 20. e3 e5 21. cxd6 cxd6 22. Kg1 Qb7 23. dxe5 dxe5 24. a3 e4 25. Qd6 Re7 26. Qc6 h6 27. Qxb7 1/2-1/2

[Event "Frome Open 2025"]
[Site "Selwood Academy, Frome"]
[Date "2025.05.17"]
[Round "3.4"]
[White "Bennett, Dominic"]
[Black "White, Stuart"]
[Result "0-1"]
[WhiteElo "1969"]
[BlackElo "2059"]
[PlyCount "90"]
[GameId "2183734346914860"]
[EventDate "2025.05.16"]
[SourceTitle "Frome Open 2025"]
[Source "David Tipper"]
[SourceDate "2025.05.19"]
[SourceVersion "1"]
[SourceVersionDate "2025.05.19"]
[SourceQuality "1"]

1. c4 c6 2. Nf3 d5 3. e3 Nf6 4. Qc2 g6 5. b3 Bg7 6. Bb2 O-O 7. d3 dxc4 8. bxc4 c5 9. Be2 Nc6 10. O-O b6 11. Ne5 Bb7 12. Nd2 Qc7 13. Ndf3 Nd8 14. h3 Ne8 15. a4 f6 16. Ng4 e5 17. a5 Nc6 18. axb6 Qxb6 19. Bc3 Nb4 20. Bxb4 cxb4 21. c5 Qe6 22. Nd2 f5 23. Nh2 Kh8 24. Rab1 a5 25. Nc4 Qc6 26. Nf3 Qxc5 27. Rbc1 Qe7 28. Nb6 Ra6 29. Na4 Rc6 30. Qb1 Nd6 31. Bd1 Rfc8 32. Bb3 Qc7 33. Rcd1 Nb5 34. Ng5 h6 35. Ne6 Rxe6 36. Bxe6 Qc6 37. e4 Qxe6 38. Rc1 Nd4 39. Qb2 Bf8 40. f4 Rxc1 41. Rxc1 fxe4 42. Nc5 Qc6 43. Nxe4 Qxc1+ 44. Qxc1 Ne2+ 45. Kf2 Nxc1 0-1

[Event "Frome Open 2025"]
[Site "Selwood Academy, Frome"]
[Date "2025.05.17"]
[Round "3.5"]
[White "Arnott, Jonathan"]
[Black "Hill, Andy"]
[Result "1-0"]
[WhiteElo "2050"]
[BlackElo "1996"]
[PlyCount "125"]
[GameId "2183985039671769"]
[EventDate "2025.05.16"]
[SourceTitle "Frome Open 2025"]
[Source "David Tipper"]
[SourceDate "2025.05.19"]
[SourceVersion "1"]
[SourceVersionDate "2025.05.19"]
[SourceQuality "1"]

1. e4 e6 2. d4 d5 3. Nd2 Nf6 4. Bd3 c5 5. e5 Nfd7 6. c3 Nc6 7. Ne2 cxd4 8. cxd4 f6 9. exf6 Nxf6 10. O-O Bd6 11. Nf3 Qc7 12. h3 O-O 13. Be3 Bd7 14. Re1 Be8 15. Ng5 Bf7 16. Rc1 h6 17. Nxf7 Qxf7 18. Bb1 Ne7 19. Bf4 Bb4 20. Nc3 Nh5 21. Be3 a6 22. Qd3 g5 23. g4 Nf6 24. f4 Ne4 25. Rf1 Bxc3 26. bxc3 Qg7 27. c4 Nd6 28. cxd5 Nxd5 29. fxg5 hxg5 30. Bxg5 Nb5 31. Be3 Nxe3 32. Qxe3 Qxd4 33. Qxd4 Nxd4 34. Rxf8+ Rxf8 35. Rc7 Rf7 36. Rxf7 Kxf7 37. Kf2 Nb5 38. Be4 Nd6 39. Bd3 b5 40. g5 a5 41. Ke3 e5 42. h4 b4 43. h5 a4 44. Bc2 a3 45. Kd3 Kg7 46. Bd1 e4+ 47. Ke3 Nc4+ 48. Kxe4 Nd2+ 49. Kd3 b3 50. Bxb3 Nxb3 51. Kc3 Nc5 52. Kb4 Ne4 53. Kxa3 Nxg5 54. Kb4 Kf7 55. Kb5 Ke7 56. Kb6 Kd8 57. Kb7 Nf7 58. a4 Nd6+ 59. Kc6 Nf7 60. Kb7 Nd6+ 61. Kb8 Kd7 62. a5 Kc6 63. a6 1-0

[Event "Frome Open 2025"]
[Site "Selwood Academy, Frome"]
[Date "2025.05.17"]
[Round "3.6"]
[White "Shepherd, Tom"]
[Black "Pugh, Derek C"]
[Result "1-0"]
[WhiteElo "1945"]
[BlackElo "2026"]
[PlyCount "71"]
[GameId "2183985119879646"]
[EventDate "2025.05.16"]
[SourceTitle "Frome Open 2025"]
[Source "David Tipper"]
[SourceDate "2025.05.19"]
[SourceVersion "1"]
[SourceVersionDate "2025.05.19"]
[SourceQuality "1"]

1. Nf3 Nc6 2. d4 d5 3. g3 Bf5 4. Bg2 e6 5. O-O Be7 6. a3 h6 7. c4 Nf6 8. Nc3 O-O 9. Ne5 Ne4 10. Nxe4 Nxe5 11. cxd5 Bxe4 12. Bxe4 exd5 13. Bg2 Nc4 14. Qb3 b6 15. Rd1 c6 16. Qc2 Rc8 17. e4 Qd7 18. e5 Qg4 19. Bf1 Rfd8 20. Be2 Qh3 21. Bxc4 dxc4 22. Qxc4 Qg4 23. Be3 c5 24. Qa4 cxd4 25. Rxd4 Rxd4 26. Qxd4 Qe6 27. Qe4 Rc6 28. Rd1 Qc8 29. Qd5 Bg5 30. Bxg5 hxg5 31. Qd8+ Qxd8 32. Rxd8+ Kh7 33. Rd7 Kg6 34. Rxa7 Rc2 35. b4 Ra2 36. g4 1-0

[Event "Frome Open 2025"]
[Site "Selwood Academy, Frome"]
[Date "2025.05.17"]
[Round "3.7"]
[White "Hayward, Philip"]
[Black "Ponting, Andrew"]
[Result "1-0"]
[WhiteElo "2013"]
[BlackElo "1910"]
[PlyCount "91"]
[GameId "2183986597151206"]
[EventDate "2025.05.16"]
[SourceTitle "Frome Open 2025"]
[Source "David Tipper"]
[SourceDate "2025.05.19"]
[SourceVersion "1"]
[SourceVersionDate "2025.05.19"]
[SourceQuality "1"]

{[%evp 0,83,11,26,16,5,-42,7,-31,-1,31,26,-6,18,13,23,28,19,21,23,-125,56,84,83,90,82,82,81,135,124,132,86,69,96,186,100,324,198,228,260,287,243,44,171,179,245,236,215,289,311,347,300,344,250,270,218,68,263,319,184,73,152,86,156,165,164,194,108,113,118,197,210,263,192,278,174,218,122,173,177,68,93,69,16,169,142]} 1. c4 c6 2. g3 d5 3. Nf3 Nf6 4. Bg2 Bg4 5. Ne5 Be6 6. cxd5 Bxd5 7. Nf3 e5 8. O-O e4 9. Ne1 Bd6 10. Nc3 Nbd7 11. d3 Nc5 12. Bg5 Be7 13. Rc1 Qb6 14. Be3 Qa5 15. Bxc5 Bxc5 16. dxe4 Bc4 17. Qc2 O-O-O 18. e5 Ng4 19. Ne4 Bxf2+ 20. Rxf2 Nxf2 21. Qxc4 Nxe4 22. Qxe4 Qb6+ 23. Kh1 g6 24. Nd3 Rd4 25. Qf3 Rf8 26. e6 f5 27. b3 Re8 28. Nc5 Rd6 29. Qf4 Qd8 30. Qf1 b6 31. Nd3 Rexe6 32. b4 Qd7 33. b5 c5 34. a4 Qc7 35. Qf3 Kd7 36. h4 Ke7 37. Nb4 Qd7 38. Nc6+ Kf8 39. Rf1 Rd1 40. Kh2 Rxf1 41. Bxf1 h6 42. h5 Kg7 43. hxg6 Re4 44. Bh3 Rxa4 45. Bxf5 Qc7 46. Qc3+ 1-0

[Event "Frome Open 2025"]
[Site "Selwood Academy, Frome"]
[Date "2025.05.17"]
[Round "3.8"]
[White "Yu, Rock"]
[Black "McGeeney, David"]
[Result "1-0"]
[WhiteElo "2048"]
[BlackElo "1660"]
[PlyCount "97"]
[GameId "2184028645421448"]
[EventDate "2025.05.16"]
[SourceTitle "Frome Open 2025"]
[Source "David Tipper"]
[SourceDate "2025.05.19"]
[SourceVersion "1"]
[SourceVersionDate "2025.05.19"]
[SourceQuality "1"]

{[%evp 0,41,17,20,26,19,18,-1,8,0,78,111,84,85,97,94,103,100,115,123,150,109,101,107,163,168,151,144,134,139,189,188,187,163,34,168,191,213,230,204,196,198,185,191]} 1. Nf3 Nc6 2. e4 e5 3. c3 d5 4. Qa4 dxe4 5. Nxe5 Qd5 6. Nxc6 bxc6 7. Bc4 Qd6 8. O-O Be7 9. d3 Nf6 10. dxe4 O-O 11. Nd2 Bg4 12. Re1 Qe5 13. Nf1 Bd7 14. f3 Bc5+ 15. Be3 Rab8 16. Qc2 Bxe3+ 17. Nxe3 Qc5 18. Rad1 Rfd8 19. b4 Qe7 20. Qf2 Qe5 21. Rd4 c5 22. bxc5 Qxc5 23. Qd2 Qe7 24. e5 Qxe5 25. Nd5 Qh5 26. Nxf6+ gxf6 27. Rxd7 Rxd7 28. Qxd7 Qc5+ 29. Qd4 Qxd4+ 30. cxd4 Rb4 31. Rc1 c6 32. Bb3 Rb6 33. Rc4 Kf8 34. Ra4 Rb7 35. Ra6 Rc7 36. Ba4 c5 37. dxc5 Rxc5 38. Rxa7 Rc1+ 39. Kf2 Rb1 40. Bb3 Rb2+ 41. Kg3 Kg7 42. Rxf7+ Kg6 43. Rc7 h5 44. h4 f5 45. Bc2 Kh6 46. Bxf5 Rxg2+ 47. Kf4 Rg4+ 48. fxg4 hxg4 49. Rh7# 1-0

[Event "Frome Open 2025"]
[Site "Selwood Academy, Frome"]
[Date "2025.05.17"]
[Round "3.9"]
[White "Kumar, Yuvraj"]
[Black "Hu, Junyan"]
[Result "0-1"]
[WhiteElo "1727"]
[BlackElo "1961"]
[PlyCount "76"]
[GameId "2184030924923281"]
[EventDate "2025.05.16"]
[SourceTitle "Frome Open 2025"]
[Source "David Tipper"]
[SourceDate "2025.05.19"]
[SourceVersion "1"]
[SourceVersionDate "2025.05.19"]
[SourceQuality "1"]

{[%evp 0,76,22,28,20,9,16,0,8,4,3,-2,-2,4,-2,7,2,0,-8,-3,3,-11,10,-13,-20,-18,-27,-29,-42,-30,-16,-39,9,16,25,-21,-33,-62,-59,-43,-60,-33,-23,-101,-130,-99,-101,-123,-84,-100,-95,-91,-90,-103,-108,-96,-106,-123,-113,-191,-226,-192,-205,-228,-244,-246,-260,-405,-392,-383,-380,-383,-371,-390,-337,-667,-717,-842,-774]} 1. e4 c5 2. Nc3 Nc6 3. Bb5 Nd4 4. Nf3 a6 5. Be2 g6 6. O-O Bg7 7. d3 d6 8. Nxd4 cxd4 9. Nb1 e6 10. a4 Ne7 11. Bg5 h6 12. Bd2 O-O 13. Na3 d5 14. exd5 exd5 15. Bg4 f5 16. Bf3 Be6 17. Bb4 Re8 18. Bxe7 Qxe7 19. Re1 Qd7 20. Nb1 Bf7 21. b3 Rxe1+ 22. Qxe1 Re8 23. Qd1 Qc7 24. g3 Rc8 25. Ra2 Bf8 26. Bg2 Bb4 27. Nd2 Re8 28. h3 Qa5 29. Nf1 Re1 30. Qf3 Bd6 31. Kh1 Qd2 32. Kh2 Qc1 33. c4 dxc3 34. Ne3 Qb1 35. Re2 Rxe2 36. Qxe2 Qxb3 37. Qc2 d4 38. Qxb3 Bxb3 0-1

[Event "Frome Open 2025"]
[Site "Selwood Academy, Frome"]
[Date "2025.05.17"]
[Round "3.10"]
[White "Morrison, Joseph"]
[Black "Thurlow, Kevin"]
[Result "1-0"]
[WhiteElo "1743"]
[BlackElo "1957"]
[PlyCount "27"]
[GameId "2184032631271832"]
[EventDate "2025.05.16"]
[SourceTitle "Frome Open 2025"]
[Source "David Tipper"]
[SourceDate "2025.05.19"]
[SourceVersion "1"]
[SourceVersionDate "2025.05.19"]
[SourceQuality "1"]

1. c4 Nf6 2. Nc3 c5 3. Nf3 Nc6 4. g3 e6 5. Bg2 d5 6. cxd5 Nxd5 7. Nxd5 exd5 8. d4 Be6 9. O-O Rc8 10. dxc5 Bxc5 11. Ng5 h6 12. Nxe6 fxe6 13. e4 d4 14. Qh5+ 1-0

[Event "Frome Open 2025"]
[Site "Selwood Academy, Frome"]
[Date "2025.05.17"]
[Round "3.11"]
[White "Walsh, Jordan"]
[Black "Evans, Harry"]
[Result "1-0"]
[WhiteElo "1615"]
[BlackElo "1854"]
[PlyCount "47"]
[GameId "2184036631239502"]
[EventDate "2025.05.16"]
[SourceTitle "Frome Open 2025"]
[Source "David Tipper"]
[SourceDate "2025.05.19"]
[SourceVersion "1"]
[SourceVersionDate "2025.05.19"]
[SourceQuality "1"]

{[%evp 0,25,18,35,7,18,10,16,13,57,28,15,16,8,5,5,-1,-4,-4,-5,2,0,7,-32,-19,-20,-22,-92]} 1. d4 d5 2. Nf3 Nf6 3. c4 c6 4. Nc3 a6 5. g3 dxc4 6. Bg2 b5 7. Ne5 Bb7 8. O-O e6 9. a4 Qb6 10. e4 Nbd7 11. Bf4 Bb4 12. Nxd7 Nxd7 13. Qg4 Qxd4 14. Rfd1 Qf6 15. Rxd7 Kxd7 16. e5 Qg6 17. Bg5 h6 18. Qd4+ Kc7 19. Be3 Rhb8 20. Rd1 Qd3 21. Rxd3 cxd3 22. Qxb4 Rd8 23. Qe7+ Rd7 24. Bb6+ 1-0